|
|
|
|
| LEADER |
00000nam a2200000 a 4500 |
| 001 |
vtls008739839 |
| 003 |
SK-MaSNL |
| 005 |
20260301205549.0 |
| 008 |
240318s1976 xo slo |
| 020 |
|
|
|c 18.50
|
| 035 |
|
|
|a POKPOH34997
|
| 040 |
|
|
|a SNK
|b slo
|c SNK
|e AACR2
|
| 041 |
1 |
|
|a slo
|h cze
|
| 044 |
1 |
|
|a xo
|c SK
|
| 100 |
1 |
|
|a Bernard, Ivo
|4 aut
|9 286592
|
| 245 |
1 |
0 |
|a Technológia I.II.III. Automechanik
|c Ivo Bernard
|
| 250 |
|
|
|a 1. vyd.
|
| 260 |
|
|
|a Bratislava
|b Alfa
|c 1976
|e Košice
|f Východoslovenské tlačiarne
|
| 300 |
|
|
|a 442 s. brož.
|
| 650 |
0 |
7 |
|a automobily
|2 POKPOH
|9 18879
|
| 650 |
0 |
7 |
|a opravy a údržba
|2 POKPOH
|9 67615
|
| 650 |
0 |
7 |
|a technológia
|2 POKPOH
|9 66619
|
| 655 |
|
7 |
|a učebnice
|2 POKPOH
|9 22521
|
| 958 |
|
|
|a OND
|
| 999 |
|
|
|c 910587
|d 912517
|
| 952 |
|
|
|a SNK
|b SNK
|y VYP
|7 0
|p 17A1077683
|o snkSC 39517 D1
|i snkKSP 6421/76
|3 rekatalogizácia -- príloha:3 ks schémy
|z príloha:3 ks schémy
|0 0
|1 0
|4 0
|d 2014-12-11
|l 0
|r 2026-02-24 07:42:04
|w 2026-02-24
|
| 952 |
|
|
|a SNK
|b SNK
|y VYP
|7 0
|p 17A1076595
|o snkSC 39517 D1 príl.
|0 0
|1 0
|4 0
|d 2014-12-11
|l 0
|r 2026-02-24 07:42:04
|w 2026-02-24
|